01336nam a2200313 a 450000100100000000500170001000800410002702000180006804000250008608200180011110000400012924501390016924600300030826000440033830000420038250001520042450000680057661000590064465100400070365100400074365000340078365000150081765000140083265100390084665000250088565100390091070000350094970000380098400000180120240430192052.0090629s2008 cu abc 001 0 spa d a9789592113213 aDO-SdBNPbspacBNPHU a327.12bE837b1 aEtcheverry Vázquez, Pedro,d1953-14aBandidismo :bderrota de la CIA en Cuba /cPedro Etcheverry Vázquez, Santiago Gutiérrez Oceguera ; edición Laura Álvarez Cruz.30aDerrota de la CIA en Cuba aLa Habana :bCapitán San Luis,c2008. a354 p. :bil., mapa, retrs. ;c23 cm. aBandidismo: la más completa investigación sobre la guerra irregular que la CIA fomentó en Cuba durante los primeros años de la revolución aIncluye datos biográficos de los autores en la contracubierta24aESTADOS UNIDOS.bAGENCIA CENTRAL DE INTELIGENCIA (CIA) 4aEstados UnidosxRelaciones Con Cuba 4aCubaxRelaciones Con Estados Unidos 4aActividades subversivaszCuba 0aTerrorismo 4aEspionaje 4aCubaxHistoriayREVOLUCIÓN, 1959 4aDelito contra la paz 4aCubaxHistoriaxRelatos Personales1 aGutiérrez Oceguera, Santiago1 aÁlvarez Cruz, Laurad1940-eed.